Văn học Việt Nam thế kỷ XX :

Zapisane w:
Opis bibliograficzny
Format: Książka
Język:Undetermined
Wydane: Hà Nội Văn học 2009
Hasła przedmiotowe:
Etykiety: Dodaj etykietę
Nie ma etykietki, Dołącz pierwszą etykiete!
Thư viện lưu trữ: Trung tâm Học liệu Trường Đại học Cần Thơ
LEADER 00714nam a2200205Ia 4500
001 CTU_170230
008 210402s9999 xx 000 0 und d
082 |a 895.92208 
082 |b L305/Q.5-T.10 
245 0 |a Văn học Việt Nam thế kỷ XX : 
245 0 |c Chủ biên Nguyễn Ngọc Thiện 
260 |a Hà Nội 
260 |b Văn học 
260 |c 2009 
650 |a Vietnamese literature,Văn học Việt Nam,Criticism,Phê bình 
650 |x Collections,Bộ sưu tập 
650 |y 20th century,Thế kỷ 20,20th century,Thế kỷ 20 
650 |z Vietnam,Việt Nam 
904 |i Trọng Hiếu 
980 |a Trung tâm Học liệu Trường Đại học Cần Thơ